Times participantes da Copa do Brasil - Statistics

Estatísticas Gerais
  • Esse quiz foi jogado 659 vezes
  • A pontuação média é 160 de 335
Estatísticas das Respostas
UF Cidade Time % Correto
PA Santarém São Raimundo/PA
95%
PA Bragança Bragantino/PA
94%
ES Vitória Rio Branco/ES
93%
AM Manaus América/AM
92%
PR Paranaguá Rio Branco/PR
92%
SP Ribeirão Preto Botafogo/SP
91%
PI Teresina Flamengo/PI
91%
RJ Rio de Janeiro Vasco da Gama
91%
SE Propriá América/SE
90%
RJ Rio de Janeiro Fluminense
90%
SP Limeira Internacional/SP
90%
AP Macapá Santos/AP
90%
SP São Paulo São Paulo
90%
ES Vitória Vitória/ES
90%
RJ Rio de Janeiro Botafogo
89%
DF Guará Botafogo/DF
89%
AL Maceió Corinthians/AL
89%
CE Juazeiro do Norte Guarani/CE
89%
AC Rio Branco Rio Branco
89%
RS Pelotas Brasil
88%
RS Porto Alegre Grêmio
87%
AC Rio Branco Vasco da Gama/AC
87%
BA Salvador Vitória
87%
RJ Rio de Janeiro América
86%
BA Salvador Bahia
86%
RJ Rio de Janeiro Flamengo
86%
MG Belo Horizonte Atlético Mineiro
85%
SC Lages Internacional/SC
85%
SP Santos Santos
85%
DF Guará Guará
84%
PR Ponta Grossa Operário/PR
84%
PR Curitiba Coritiba
83%
CE Fortaleza Fortaleza
83%
GO Goiânia Goiás
83%
PR Curitiba Athlético Paranaense
81%
MG Belo Horizonte Cruzeiro
81%
RS Porto Alegre Internacional
81%
RS Venâncio Aires Guarani/RS
80%
MT Primavera do Leste Juventude/MT
80%
PR Londrina Londrina
80%
PR Curitiba Paraná
80%
PB Santa Rita Santa Cruz/PB
80%
RN Santa Cruz Santa Cruz/RN
80%
DF Taguatinga Brasiliense
79%
AL Maceió CSA
79%
RS Caxias do Sul Juventude
79%
RR Caracaraí Náutico/RR
79%
PA Belém Remo
79%
PI Campo Maior Comercial/PI
78%
DF Gama Gama
78%
SP Campinas Guarani
78%
PE Recife Náutico
78%
PE Recife Santa Cruz
78%
CE Fortaleza Ceará
77%
MS Campo Grande Novo
77%
PA Belém Paysandu
77%
PE Recife Sport
77%
AL Arapiraca ASA
76%
SP São Paulo Corinthians
76%
AL Maceió CRB
76%
RJ Duque de Caxias Duque de Caxias
76%
MG Ipatinga Ipatinga
76%
AM Manaus Manaus
76%
SP São Paulo Palmeiras
76%
MT Cuiabá Cuiabá
75%
RN Natal ABC
74%
SP Bragança Paulista Bragantino
74%
SC Joinville Caxias/SC
74%
MG Nova Lima Villa Nova
74%
RJ Volta Redonda Volta Redonda
74%
MG Uberlândia Uberlândia
73%
GO Goiânia Atlético Goianiense
72%
GO Goiânia Vila Nova
72%
RS Caxias do Sul Caxias
71%
MT Várzea Grande Operário/MT
71%
RS Porto Alegre São José/RS
70%
PI Altos Altos
69%
RS Novo Hamburgo Novo Hamburgo
69%
SP Campinas Ponte Preta
69%
PE Salgueiro Salgueiro
69%
PB Campina Grande Campinense
68%
MT Várzea Grande CEOV
68%
SC Criciúma Criciúma
68%
BA Juazeiro Juazeirense
68%
PB Patos Nacional/PB
68%
MS Campo Grande Operário
68%
SP São Paulo Portuguesa
68%
RJ Saquarema Boavista
67%
SC Chapecó Chapecoense
67%
PR Cianorte Cianorte
67%
SC Joinville Joinville
67%
SP Santo André Santo André
67%
PB Sousa Sousa
67%
DF Ceilândia Ceilândia
66%
MA Imperatriz Imperatriz
66%
SP Itu Ituano
66%
RJ Resende Resende
66%
SP São Caetano do Sul São Caetano
66%
MT Sinop Sinop
66%
MG Uberaba Uberaba
66%
SC Florianópolis Figueirense
65%
AM Manaus Nacional
65%
AP Macapá São José
65%
SP São José dos Campos São José
65%
RO Ji-Paraná Ulbra/RO
65%
MT Lucas do Rio Verde Luverdense
64%
RS Pelotas Pelotas
64%
RN Natal América/RN
63%
PR Maringá Maringá
63%
PE Caruaru Porto
63%
MG Tombos Tombense
63%
MG Belo Horizonte América/MG
61%
SC Florianópolis Avaí
61%
RJ Rio de Janeiro Bangu
61%
GO Goianésia Goianésia
61%
MA São Luís Moto Club
61%
AL Murici Murici
61%
PB Campina Grande Treze
61%
SC Brusque Brusque
60%
CE Fortaleza Ferroviário
60%
AP Macapá Ypiranga
60%
RS Erechim Ypiranga
60%
SP Araraquara Ferroviária
59%
RJ Nova Iguaçu Nova Iguaçu
59%
PI Picos Picos
59%
ES Serra Serra
59%
BA Feira de Santana Fluminense de Feira
58%
GO Goiânia Goiânia
58%
MA São Luís Sampaio Corrêa
58%
PR Foz do Iguaçu Foz do Iguaçu
57%
DF Sobradinho Sobradinho
57%
MG Varginha Boa Esporte
56%
DF Brasília Brasília
56%
RO Ji-Paraná Ji-Paraná
56%
AC Rio Branco Juventus
56%
SP São Paulo Juventus
56%
TO Palmas Palmas
56%
PR Paranavaí Paranavaí
56%
PA Marabá Águia
55%
GO Anápolis Anápolis
55%
MG Poços de Caldas Caldense
55%
ES Linhares Linhares
55%
SP Piracicaba XV de Novembro
55%
GO Anápolis Anapolina
54%
BA Feira de Santana Bahia de Feira
54%
PA Cametá Cametá
54%
ES Colatina Colatina
54%
SP Jundiaí Paulista
54%
RR Boa Vista São Raimundo/RR
54%
DF Taguatinga Taguatinga
54%
SC Tubarão Tubarão
54%
AL Coruripe Coruripe
53%
DF Luziânia, GO Luziânia
53%
GO Aparecida de Goiânia Aparecidense
52%
RJ Cabo Frio Cabofriense
52%
PA Castanhal Castanhal
52%
PA Belém Tuna Luso
52%
BA Vitória da Conquista Vitória da Conquista
52%
PI Teresina River
51%
SP São Bernardo do Campo São Bernardo
51%
TO Tocantinópolis Tocantinópolis
50%
RJ Nova Friburgo Friburguense
49%
GO Goiatuba Goiatuba
49%
SE Itabaiana Itabaiana
49%
MT Sorriso Sorriso
49%
MG Patos de Minas URT
49%
RS Veranópolis Veranópolis
49%
AC Rio Branco Atlético Acreano
48%
SP Guaratinguetá Guaratinguetá
48%
BA Riachão do Jacuípe Jacuipense
48%
CE Sobral Guarany
47%
GO Mineiros Mineiros
47%
PA Paragominas Paragominas
47%
PR Prudentópolis Prudentópolis
46%
AM Manaus São Raimundo
46%
RO Vilhena Vilhena
46%
PB João Pessoa Botafogo/PB
45%
CE Horizonte Horizonte
45%
MT Cuiabá Mixto
45%
SP Sorocaba São Bento
45%
RJ Campos dos Goytacazes Americano
44%
TO Gurupi Gurupi
44%
RS Lajeado Lajeadense
44%
MA São Luís Maranhão
44%
SE Aracaju Sergipe
44%
SC Blumenau Blumenau
43%
PE Caruaru Central
43%
RR Boa Vista Rio Negro/RR
43%
SP Lins Linense
42%
RR São Luiz do Anauá Real
42%
PA Ananindeua Ananindeua
41%
ES Aracruz Aracruz
41%
CE Barbalha Barbalha
41%
RS Canoas Canoas
41%
MS Corumbá Corumbaense
41%
PR Arapongas Arapongas
40%
BA Camaçari Camaçari
40%
MS Coxim Coxim
40%
AM Manaus Fast Clube
40%
BA Juazeiro Juazeiro
40%
PA Parauapebas Parauapebas
40%
RS Ijuí São Luiz
40%
PI Barras Barras
39%
RN Ceará-Mirim Globo
39%
RJ Rio de Janeiro Madureira
39%
MS Campo Grande Comercial
38%
SE Aracaju Confiança
38%
MG Governador Valadares Democrata
38%
SP Presidente Prudente Grêmio Prudente
38%
MS Ivinhema Ivinhema
38%
AC Plácido de Castro Plácido de Castro
38%
AP Macapá Trem
38%
SP Osasco Audax
37%
ES Cariacica Desportiva
37%
ES São Mateus São Mateus
37%
MT Rondonópolis União Rondonópolis
37%
RO Ariquemes Ariquemes
36%
SP Capivari Capivariano
36%
GO Catalão CRAC
36%
CE Juazeiro do Norte Icasa
36%
SP Santos Portuguesa Santista
36%
MS Aquidauana Aquidauanense
35%
RN Assu ASSU
35%
BA Catu Catuense
34%
CE Fortaleza Floresta
34%
BA Poções Poções
33%
SP Votuporanga Votuporanguense
33%
TO Araguaína Araguaína
32%
RS Bento Gonçalves Esportivo
32%
ES Jaguaré Jaguaré
32%
MS Naviraí Naviraiense
32%
ES Ibiraçu Ibiraçu
31%
PR Irati Iraty
30%
AM Manaus Rio Negro
30%
PI Piripiri 4 de Julho
29%
AC Rio Branco Galvez
29%
AP Santana Independente
29%
PA Tucuruí Independente
29%
AP Macapá Amapá
28%
MS Chapadão do Sul Chapadão
28%
RN Mossoró Potiguar
28%
RS São Gabriel São Gabriel
28%
RS Campo Bom 15 de Novembro
27%
RS São Leopoldo Aimoré
27%
SP Sorocaba Atlético Sorocaba
27%
RS Santa Cruz do Sul Avenida
26%
ES Muniz Freire Muniz Freire
26%
SP Bauru Noroeste
26%
PI Parnaíba Parnahyba
26%
PI Teresina Piauí
26%
AM Manacapuru Princesa do Solimões
26%
GO Santa Helena de Goiás Santa Helena
26%
CE Fortaleza Atlético Cearense
25%
PR Curitiba J. Malucelli
25%
PR Cornélio Procópio PSTC
25%
AL Capela Capelense
24%
SE Lagarto Lagartense
24%
RO Ariquemes Real Ariquemes
24%
SP Santa Bárbara d'Oeste União Barbarense
24%
RN Natal Alecrim
23%
RN Mossoró Baraúnas
23%
MT Cuiabá Dom Bosco
23%
MA Santa Quitéria do Maranhão Santa Quitéria
23%
TO Palmas Tocantins
23%
TO Alvorada Alvorada
22%
AC Senador Guiomard ADESG
21%
MT Alto Araguaia Araguaia
21%
RN Caicó Coríntians/RN
21%
MT Barra do Garças Barra do Garças
20%
RO Espigão d'Oeste Espigão
20%
SP Campinas Red Bull Brasil
20%
PR Bandeirantes União Bandeirante
20%
SE Pirambu Pirambu
19%
SE São Domingos São Domingos
19%
DF Ceilândia Tiradentes
19%
SC Ibirama Atlético de Ibirama
18%
RR Boa Vista Baré
18%
ES Vila Velha Vilavelhense
18%
ES Cachoeiro de Itapemirim Cachoeiro
17%
AM Coari Grêmio Coariense
17%
RO Guajará-Mirim Guajará
17%
AC Rio Branco Independência
17%
RJ Duque de Caxias Tigres do Brasil
17%
MS Rio Brilhante Águia Negra
16%
ES Alegre Alegrense
16%
TO Colinas do Tocantins Colinas
16%
MA Barra do Corda Cordino
16%
ES Cachoeiro de Itapemirim Estrela do Norte
16%
PB João Pessoa Auto Esporte
15%
MT Cáceres Cacerense
15%
BA Ilhéus Colo-Colo
15%
ES Águia Branca Real Noroeste
15%
PR Apucarana Roma
15%
RN São Gonçalo do Amarante São Gonçalo
15%
RS Sapucaia do Sul Sapucaiense
15%
PB Cajazeiras Atlético de Cajazeiras
14%
MS Campo Grande CENE
14%
PA Santarém São Francisco
14%
DF Núcleo Bandeirante Dom Pedro
13%
AM Itacoatiara Penarol
13%
PR Curitiba Pinheiros
13%
RO Rolim de Moura Pinheiros
13%
RR Boa Vista Atlético Roraima
12%
RS Gravataí Cerâmica
11%
MS Dourados Sete de Setembro
11%
SP Votorantim Votoraty
11%
AM Rio Preto da Eva Holanda
10%
MS Ponta Porã Pontaporanense
10%
RN Currais Novos Potyguar
10%
PR Campo Mourão ADAP
9%
SE Estância Estanciano
9%
MT Jaciara Grêmio Jaciara
9%
TO Porto Nacional Interporto
9%
AP Macapá Oratório
9%
AP Macapá Cristal
8%
RO Porto Velho Genus
8%
MS Três Lagoas Misto
8%
RO Cacoal União Cacoalense
8%
RO Porto Velho Rondoniense
7%
DF Brasília CFZ
6%
ES Colatina ESSE
6%
TO Colinas do Tocantins Kaburé
6%
GO Ipameri Novo Horizonte
6%
MS Dourados Ubiratan
6%
MT Rondonópolis Vila Aurora
6%
PI Floriano Cori-Sabbá
5%
MA Imperatriz JV Lideral
5%
AM Manaus Sul América
5%
TO Araguaína Araguainense
4%
PI Campo Maior Caiçara
4%
MA São Luís IAPE
4%
SE Carmópolis River Plate
4%
RO Porto Velho CFA
2%
RO Porto Velho Palmares
2%
SE Amadense Tobias Barreto
2%
Nenhum quiz correspondente encontrado
Distribuição das Pontuações
Porcentagem de Pessoas com Cada Pontuação
Percentil de Números Respondidos
Sua Pontuação Histórica
Você não jogou esse quiz